000 00856nas a2200253 4500
001 BR0801479
003 BR-BrBNA
005 20231205111658.0
007 ta
008 230509b bl.|||p| |||| 00| 00por d
040 _aBR-BrBNA
_bpor
_cBiblioteca Nacional de Agricultura
041 _a(En)
072 _aL20; L60
100 1 _aBranco, J.O.
100 1 _aVerani, J.R.
245 1 _aAspectos bioecológicos do Camarão-Rosa Penaeus Brasiliensis Latreille (Natantia, Penaeidae)da lagoa da conceição, Florianópolis, Santa Catarina, Brasil
650 _aBIOLOGIA ANIMAL
650 _aCAMARÃO ROSA
650 _aMIGRAÇÃO ANIMAL
650 _aSANTA CATARINA
773 0 _tRevista Brasileira de Zoologia (Brazil)
_xISSN 0101-8175
_g(Jun 1998), v. 15(2) p. 345-351
_wBR0801479
909 _a202311
_bLúcia
_c55
_dLúcia Elande
942 _2AGRIS
_n0
_cANA
999 _c193910
_d193910